| 000 | 01107nam1a22002771 4500 | ||
|---|---|---|---|
| 001 | 2562556 | ||
| 005 | 20260407124504.0 | ||
| 035 | _a(NLR Aleph) 006447531 | ||
| 090 |
_a5704289 _c5704289 |
||
| 100 | _a20251123 rusy50 | ||
| 101 | 0 | _arus | |
| 102 | _aRU | ||
| 105 | _ay ac ||||| | ||
| 200 | 1 |
_aСельскохозяйственные машины за рубежом _e(Библиогр. указ.) _fЦентр. науч.-техн. б-ка тракт. и с.-х. машиностроения |
|
| 210 |
_aМосква _cЦНИИТЭИтракторосельмаш _d1979-1982 |
||
| 215 | _d21 | ||
| 686 |
_aП072я1 _2rubbk |
||
| 712 | 0 | 2 |
_aЦентральная научно-техническая библиотека тракторного и сельскохозяйственного машиностроения _cМосква _3RU\NLR\AUTH\889965862 _9428011 |
| 801 | 1 |
_aRU _bELAR _2rusmarc |
|
| 801 | 0 |
_aRU _bNLR _gpsbo |
|
| 852 |
_aNLR _bС _jК-2/564 |
||
| 899 |
_aRuMoRGB _jB 79-27/1578 |
||
| 899 |
_aRuMoRGB _jB 79-27/1579 |
||
| 899 |
_aRuMoRGB _jЦСБ |
||
| 942 | _cBOOK | ||
| 980 | _aNB | ||